Weed control in coffee with particular reference to grass (Record no. 46236)

MARC details
000 -LEADER
fixed length control field 00382nam a2200145Ia 4500
100 ## - MAIN ENTRY--AUTHOR NAME
Personal name Narasimhaswamy RL
245 #0 - TITLE STATEMENT
Title Weed control in coffee with particular reference to grass
260 ## - PUBLICATION, DISTRIBUTION, ETC. (IMPRINT)
Name of publisher Indian Coffee
Year of publication 1962
300 ## - PHYSICAL DESCRIPTION
Number of Pages 87-92
700 ## - ADDED ENTRY--PERSONAL NAME
Personal name Ananth KC
700 ## - ADDED ENTRY--PERSONAL NAME
Personal name Gopalakrishnan R
700 ## - ADDED ENTRY--PERSONAL NAME
Personal name Rangasetty HT
942 ## - ADDED ENTRY ELEMENTS (KOHA)
Koha item type Reprints
Holdings
Withdrawn status Lost status Damaged status Not for loan Home library Current library Date acquired Serial Enumeration / chronology Koha item type
      Reprints RRII Library RRII Library 22/12/2021 Volume XXVI, Issue 3 Reprints